LEADER 00723nam a2200193 i 4500 001 000000033147 003 CaOOAMICUS 005 20180830125450.0 008 180830s1955 it u000 u ita u 040 $aSeMil$bita 100 1 $aPu, Songling <1640-1715>.$0(OLS)http://semarc/name/15223 245 12$aI racconti fantastici di Liao /$cSongling Pu. 260 $aMilano :$bArnoldo Mondadori Editore,$c1955. 300 $av. ;$c25 cm. 500 $aIn cofanetto. 774 0 $aPu, Songling <1640-1715>$t1.$w()202699 774 0 $aPu, Songling <1640-1715>$t2.$w()248977 996 $6245$aI racconti fantastici di Liao$9(OLS)http://semarc/title/44867 996 $6260$aMilano :$bArnoldo Mondadori Editore$9(OLS)http://semarc/publisher/30056 LEADER 01296nam a2200277 i 4500 001 000000185382 003 CaOOAMICUS 005 20100202000000.0 008 100202s2007 it u000 u ita u 013 $a163385 020 $a978-88-238-5075-0 040 $aSeMil$bita 100 1 $aRuozi, Roberto,$d<1939- >.$0(OLS)http://semarc/name/68119 245 12$aL'ora dei capitali :$bnuove opportunitą finanziarie per le medie imprese italiane /$cRoberto Ruozi ; Pierpaolo Ferrari ; prefazione di Stefano L. Di Tommaso. 260 $aMilano :$bEgea,$c2007. 300 $aXIII, 213 p. :$bgrafici, tabelle ;$c23 cm. 500 $aContiene : Bibliografia. 650 4$aMedie imprese - Gestione finanziaria.$0(OLS)http://semarc/subject/35007 700 1 $aDi Tommaso, Stefano L.$0(OLS)http://semarc/name/68121 700 1 $aFerrari, Pierpaolo.$0(OLS)http://semarc/name/68120 850 $aSeMil 852 $aSeMil$W1$xVenegono$y1$m3M V 195$j136073$B136073$CSeMilBibl$Z2$F148141 $81 961 $aOmaggio: Scalvinoni Elena 996 $6020$a978-88-238-5075-0$9(OLS)http://semarc/number/175514 996 $6245$aL'ora dei capitali :$bnuove opportunitą finanziarie per le medie imprese italiane$9(OLS)http://semarc/title/266384 996 $6260$aMilano :$bEgea$9(OLS)http://semarc/publisher/33883